000 00425nam a2200169Ia 4500
008 260407s2023 xx 000 0 und d
041 _aeng
082 _a615/SHI
_b11511
100 _aDR.V.M.SHINDE
245 _aPRACTICAL BOOK OF HERBAL TECHNOLOGY
250 _a3RD
260 _aPUNE
_bNIRLAI PRAKASHAN
_c2023
300 _a74p
650 _aHERBAL DRUG TECHNOLOGY
650 _aPHARMACOGNOSY
700 _aK.S.BODAS
999 _c1219003
_d1219003